000 01733nam a2200469Ii 4500
001 DIGEDBONAV0088
003 NyNyDIG
008 230510s2020 ck ad ob 000 0 spa d
006 m o d
007 cr |||||||||||
035 _a(OCoLC)1380643145
040 _aDGITA
_beng
_erda
_epn
_cDGITA
020 _a9789585415553
_qeBook
041 1 _aspa
_aeng
050 1 4 _aQA76.9.H85 ebook
100 1 _aJurado, José Luis,
_eauthor.
245 1 0 _aIngeniería colaborativa desde la interacción humano-computador :
_baplicaciones y usos /
_cJosé Luis Jurado, César Alberto Collazos, Luis Fredy Muñoz.
264 1 _aColombia, Suramérica :
_bEditorial Bonaventuriana,
_c2020.
300 _a1 online resource :
_billustrations, charts.
336 _atext
_btxt
_2rdacontent
337 _acomputer
_bc
_2rdamedia
338 _aonline resource
_bcr
_2rdacarrier
347 _atext file
_2rdaft
347 _bPDF
504 _aIncludes bibliographical references.
546 _aText in Spanish and English.
588 0 _aOnline resource; title from PDF title page (Digitalia, viewed May 10, 2023)
650 0 _aHuman-computer interaction.
650 0 _aComputer-aided design.
650 0 _aApplication software.
650 0 _aComputer interfaces
_vPeriodicals.
650 0 _aEngineering
_xEducation.
650 0 _aSmart cities.
650 0 _aGamification.
700 1 _aCollazos, César,
_eauthor.
700 1 _aMuñoz, Luis Fredy,
_eauthor.
791 2 _aDigitalia (Firm),
_edistributor.
793 0 _gDigitalia eBook Collection:
_aEditorial Bonaventuriana
856 4 0 _3Digitalia Hispánica
_uhttps://www.digitaliapublishing.com/a/124981/
910 _aPremium collection: 2023
942 _cRAA
999 _c276981
_d276981